The rainbow /

Bibliographic Details
Main Author: Lawrence, D. H. (David Herbert), 1885-1930
Format: Book
Language:English
Published: New York : B. W. Huebsch, 1916.

MARC

Tag First Indicator Second Indicator Subfields
LEADER 00000cam a2200000 4500
001 in00000025575
005 20151007062505.0
008 780619s1916 nyu 00010 eng
010 |a  15027933  
035 |a (OCoLC)03984130 
035 |9 AAD5033AM 
040 |a OKT  |c OKT  |d TXA  |d UtOrBLW 
049 |a TXAM  |c 1 [199912], 2 [201901] 
050 0 |a PZ3.L4345  |b R 
090 |a PR6023.A93  |b R35 1916 
092 |a 823  |b L419r 
100 1 |a Lawrence, D. H.  |q (David Herbert),  |d 1885-1930. 
245 1 4 |a The rainbow /  |c by D. H. Lawrence ... 
264 1 |a New York :  |b B. W. Huebsch,  |c 1916. 
300 |a 4 pages ., 467 pages ;  |c 20 cm. 
336 |a text  |b txt  |2 rdacontent 
337 |a unmediated  |b n  |2 rdamedia 
338 |a volume  |b nc  |2 rdacarrier 
500 |a Published 1915. 
999 |a MARS 
999 f f |s 0072527e-7574-307a-86c2-c9c24abf6ecb  |i 6c3946ab-5490-31fb-84ce-a2ff06215243  |t 0 
952 f f |p storage  |a Texas A&M University  |b J.J. Pickle Campus  |c High Density Repository  |d Remote Storage  |t 0  |e PR6023.A93 R35 1916  |h Library of Congress classification  |i unmediated -- volume  |m A14801322884 
952 f f |p normal  |a Texas A&M University  |b College Station  |c Sterling C. Evans Library  |d Evans: Library Stacks  |t 0  |e PR6023.A93 R35 1916  |h Library of Congress classification  |i unmediated -- volume  |m A14801322892 
998 f f |a PR6023.A93 R35 1916  |t 0  |l Remote Storage 
998 f f |a PR6023.A93 R35 1916  |t 0  |l Evans: Library Stacks